| 000 | 00634cas a2200217 a 4500 | ||
|---|---|---|---|
| 022 | 1 | _a1934-4503 | |
| 040 | _cJTB | ||
| 082 | 1 | 0 | _a929 NOL 2014 A114 Or. |
| 245 | 0 | 0 | _aHow to change your name in California. |
| 260 |
_aBerkeley, CA : _bNolo |
||
| 300 |
_avolumes : _bforms ; _c28 cm |
||
| 500 | _aVols. for 2006- by: Lisa Sedano and Emily Doskow. | ||
| 500 | _a12th ed.- accompanied by CD-ROM. | ||
| 500 | _aEarlier issues, 1998-2004, cataloged as monographs in LC. | ||
| 650 | 0 | _aNames, Personal | |
| 650 | 7 | _aNames, Personal | |
| 700 | 1 | _aSedano, Lisa, | |
| 700 | 1 | _aDoskow, Emily. | |
| 710 | 2 | _aNolo (Firm) | |
| 942 | _cEK | ||
| 999 |
_c17415 _d17415 |
||